Quiz da Gronelândia - Statistics

Estatísticas Gerais
  • Esse quiz foi jogado 929 vezes
  • A pontuação média é 8 de 15
Estatísticas das Respostas
Dica Resposta % Correto
A Gronelândia é uma região autónoma deste país Dinamarca
98%
Países mais pertos da Gronelândia Canadá
92%
País que ofereceu a comprar a Groenlândia por US$100 milhões em 1946 Estados Unidos
92%
Países mais pertos da Gronelândia Islândia
90%
Animal no brasão de armas Urso-polar
65%
Grupo de pessoas que se estabeleceram na Gronelândia a partir de 986 d.C. Nórdicos
60%
Capital Nuuk
52%
Produto alimentício que representa a maior parte das exportações da Gronelândia Peixe
52%
Projeção cartográfica comum que faz a Gronelândia parecer quase do tamanho da África, mesmo a África tendo 14 vezes o tamanho da Gronelândia Projeção de {Mercator}
47%
Infelizmente, a Gronelândia tem uma taxa de _____ quase o dobro de qualquer país do mundo Suicídio
46%
Língua oficial Gronelandês
43%
Animal encontrado na costa da Gronelândia, considerado como tendo a vida média mais longa de todos os vertebrados (300-500 anos) {Tubarão}-da-groenlândia
37%
88% dos gronelandeses pertencem a este grupo étnico, começando com I Inuítes
34%
Pessoa que estabeleceu o primeiro assentamento europeu na Gronelândia Érico o Vermelho
21%
Isso cobre 81% da área da Gronelândia {Manto} de gelo da Gronelândia
7%
Nenhum quiz correspondente encontrado
Distribuição das Pontuações
Porcentagem de Pessoas com Cada Pontuação
Percentil de Números Respondidos
Sua Pontuação Histórica
Você não jogou esse quiz